00666nam a2200229Ia 4500003000400000005001700004008004100021020001500062040000700077041000800084082002100092100003000113245003300143250000600176260004000182300001400222365001300236906001800249942001200267999001900279952013800298OSt20230509133455.0210423s2007 xx 000 0 und d a8131501132 cAL aeng a660.6 223bBARS aBARNUM (Susan R).9100789 aBiotechnology: Introduction. a2 aAustraliabThomson Books/Colec2007 ax,323bPB b321cINR aBiotechnology 2ddccBK c164018d164018 001040708BTaSACPGbSACPGd2009-07-07eHigginbothams Pvt Ltdg321.00l0o660.6 BARSpPG010516r2022-08-24 00:00:00w2021-04-26yBK